000 00469nam a2200193Ia 4500
005 20240823053016.0
008 240823s9999||||xx |||||||||||||| ||und||
020 _a978-1-4200-6210-6
041 _aENGLISH
082 _A669.94 Q5
100 _aDavid A Porter et al.
245 0 _aPhase Transformations in Metals and Alloys
250 _a3rd
260 _c2015
_bCRC Taylor&Fr
500 _aYES
650 _aMetal
_bMechanical
942 _cBK
999 _c223191
_d223191